Les Papes d'Avignon, 1305-1378
Shranjeno v:
| Glavni avtor: | |
|---|---|
| Format: | Knjiga |
| Jezik: | francoščina |
| Izdano: |
París
Letouzey et Ané
1949
|
| Izdaja: | 9a. ed |
| Teme: | |
| Oznake: |
Označite
Brez oznak, prvi označite!
|
MARC
| LEADER | 00000cam a2200000 a 4500 | ||
|---|---|---|---|
| 001 | UCD1932 | ||
| 003 | CL-VaPUC | ||
| 008 | 160407e19490000fr |||||||||||||||||fre|d | ||
| 082 | 0 | 4 | |a 262.13 |b MOL |2 21 |
| 100 | |a Mollat, Guillaume |e autor |9 585104 | ||
| 245 | 1 | 4 | |a Les Papes d'Avignon, 1305-1378 |
| 250 | |a 9a. ed | ||
| 300 | |a 594 p | ||
| 942 | |c BK | ||
| 945 | |d 20160407 22:06:00 |a dcastane | ||
| 260 | |a París |b Letouzey et Ané |c 1949 | ||
| 650 | 0 | |a Papas |9 258738 | |
| 650 | 7 | |a CARDENALES |2 CL-VaPUC |9 257780 | |
| 650 | 0 | |a Historia de la iglesia |9 257565 | |
| 583 | |a last modification |c 20160407 22:06:00 |k Rodrigo Vera | ||
| 999 | |c 363140 |d 363138 | ||
| 952 | |0 0 |1 0 |3 erb |4 0 |6 262_130000000000000_MOL_1949 |7 0 |8 X |9 474958 |a BIBTEO |b BIBTEO |c TEO_FFR |i 5220343 |o 262.13 MOL 1949 |p 5220343 |r 2024-01-18 |w 2019-11-24 |y BK_X |z Catalogado en:20160407 |k OFM | ||